header

Advances in intelligent information processing (Record no. 6586)

MARC details
000 -LEADER
fixed length control field 01398nam a2200349Ia 4500
001 - CONTROL NUMBER
control field ebr10699058
003 - CONTROL NUMBER IDENTIFIER
control field CaPaEBR
006 - FIXED-LENGTH DATA ELEMENTS--ADDITIONAL MATERIAL CHARACTERISTICS--GENERAL INFORMATION
fixed length control field m o u
007 - PHYSICAL DESCRIPTION FIXED FIELD--GENERAL INFORMATION
fixed length control field cr cn|||||||||
008 - FIXED-LENGTH DATA ELEMENTS--GENERAL INFORMATION
fixed length control field 080517s2008 njua sb 001 0 eng d
020 ## - INTERNATIONAL STANDARD BOOK NUMBER
Cancelled/invalid ISBN 9789812818980
Cancelled/invalid ISBN 9812818987
Cancelled/invalid ISBN 9789812818997
040 ## - CATALOGING SOURCE
Original cataloging agency CaPaEBR
Transcribing agency CaPaEBR
035 ## - SYSTEM CONTROL NUMBER
System control number (OCoLC)228372377
050 14 - LIBRARY OF CONGRESS CALL NUMBER
Classification number TA1637
Item number .A38 2008eb
082 04 - DEWEY DECIMAL CLASSIFICATION NUMBER
Classification number 006.42
Edition number 23
245 00 - TITLE STATEMENT
Title Advances in intelligent information processing
Medium [electronic resource] :
Remainder of title tools and applications /
Statement of responsibility, etc editors, B. Chanda, C.A. Murthy.
260 ## - PUBLICATION, DISTRIBUTION, ETC. (IMPRINT)
Place of publication, distribution, etc Hackensack, NJ :
Name of publisher, distributor, etc World Scientific,
Date of publication, distribution, etc c2008.
300 ## - PHYSICAL DESCRIPTION
Extent xvii, 295 p. :
Other physical details ill.
490 0# - SERIES STATEMENT
Series statement Statistical science and interdisciplinary research,
International Standard Serial Number 1793-6195 ;
Volume number/sequential designation v. 2
500 ## - GENERAL NOTE
General note "Platinum jubilee series."
504 ## - BIBLIOGRAPHY, ETC. NOTE
Bibliography, etc Includes bibliographical references and index.
533 ## - REPRODUCTION NOTE
Type of reproduction Electronic reproduction.
Place of reproduction Palo Alto, Calif. :
Agency responsible for reproduction ebrary,
Date of reproduction 2013.
Note about reproduction Available via World Wide Web.
-- Access may be limited to ebrary affiliated libraries.
650 #0 - SUBJECT ADDED ENTRY--TOPICAL TERM
Topical term or geographic name as entry element Image processing.
Topical term or geographic name as entry element Information storage and retrieval systems.
655 #7 - INDEX TERM--GENRE/FORM
Genre/form data or focus term Electronic books.
Source of term local
700 1# - ADDED ENTRY--PERSONAL NAME
Personal name Chanda, B.
Fuller form of name (Bhabatosh)
Personal name Murthy, C. A.
710 2# - ADDED ENTRY--CORPORATE NAME
Corporate name or jurisdiction name as entry element ebrary, Inc.
856 40 - ELECTRONIC LOCATION AND ACCESS
Uniform Resource Identifier <a href="http://site.ebrary.com/lib/rucke/Doc?id=10699058">http://site.ebrary.com/lib/rucke/Doc?id=10699058</a>
Public note An electronic book accessible through the World Wide Web; click to view

No items available.

© 2026 Rongo University
Contact us: librarian | system librarian | Rongo university